000 00804cam a22002533a 4500
001 34997
003 PGUSA
005 20140828083744.0
008 110118s2011||||xxu|||||s|||||000 | eng d
040 _aPGUSA
_beng
042 _adc
050 4 _aE
100 1 _aA Gentleman of Elvas
245 1 2 _aA Narrative of the expedition of Hernando de Soto into Florida published at Evora in 1557
_h[electronic resource] /
_cA Gentleman of Elvas
260 _bProject Gutenberg,
_c2011
506 _aPublic domain in the USA.
516 _aElectronic text
653 _aSoto, Hernando de, approximately 1500-1542
653 _aAmerica -- Discovery and exploration
700 1 _aHackluyt, Richard
830 0 _aProject Gutenberg
_v34997
856 4 0 _uhttp://www.gutenberg.org/ebooks/34997
942 _cEB
999 _c264252
_d264252